000 00426pab a2200157 454500
008 180718b2009 xxu||||| |||| 00| 0 eng d
100 _aRiccucci, Norma M.
245 _aThe pursuit of social equity in the federal government: a road less traveled?
260 _c2009
300 _ap.373-82.
362 _aMay-Jun
650 _aSocial inequality
773 _aPublic Administration Review
908 _aN
909 _a82604
999 _c82604
_d82604